| 000 | 00000nam##2200000za#4500 |
| 001 | 9.700510 |
| 003 | CaOODSP |
| 005 | 20210927150517 |
| 007 | cr ||||||||||| |
| 008 | 150407|1998||||xxc|||||o f|0| 0 eng|d |
| 040 | |aCaOODSP|beng |
| 043 | |an-cn--- |
| 086 | 1 |aR2-99/1998E-PDF |
| 110 | 1 |aCanada. |bIndian and Northern Affairs Canada. |
| 245 | 10|aTr'ondëk Hwëch'in Final Agreement |h[electronic resource] |
| 246 | 15|aThe Tr'ondëk Hwëch'in Final Agreement among the Government of Canada, and the Tr'ondëk Hwëch'in (formerly known as the Dawson First Nation) and the Government of the Yukon |
| 260 | |aOttawa - Ontario : |bIndian and Northern Affairs |c1998. |
| 300 | |a531p. |
| 500 | |aThe catalogue number (R2-99/1998E) and ISBN (0-662-27171-8) for the print edition have been incorrectly copied in this electronic publication. |
| 590 | |a15-05-Supp|b2015-03-31 |
| 690 | 07|aIndigenous rights|2gcpds |
| 775 | 08|tEntente définitive des Tr'ondëk Hwëch'in |w(CaOODSP)9.644394 |
| 856 | 40|ahttp://publications.gc.ca|qPDF|s1.22 MB|uhttps://publications.gc.ca/collections/collection_2015/aadnc-aandc/R2-99-1998-eng.pdf |
| 986 | |aQS-85 83-000-EE-A1 |